Механизация производства, эксплуатация и ремонт оборудования в цветной металлургии. 1979, Вып.8: Рентгеноспектральный анализ производственных продуктов цветной металлургии (Запись № 2895198)

Подробности
000 -МАРКЕР
контрольное поле 01571nam2a22002651 4500
001 - ИДЕНТИФИКАТОР ЗАПИСИ
контрольное поле RU\NLR\INFOCOMM55\1000039114
005 - ИДЕНТИФИКАТОР ВЕРСИИ
контрольное поле 20250617065720.0
035 ## - ДРУГИЕ СИСТЕМНЫЕ НОМЕРА
Идентификатор записи (NLR Aleph) 002536413
100 ## - ДАННЫЕ ОБЩЕЙ ОБРАБОТКИ
Данные общей обработки 20040428d1979 |||y0rusy50 ca
101 0# - ЯЗЫК РЕСУРСА
Язык текста, звукозаписи и т.д. русский
102 ## - СТРАНА ПУБЛИКАЦИИ ИЛИ ПРОИЗВОДСТВА
Страна публикации российская федерация
105 ## - ПОЛЕ КОДИРОВАННЫХ ДАННЫХ: ТЕКСТОВЫЕ МАТЕРИАЛЫ, МОНОГРАФИЧЕСКИЕ
Кодированные данные о монографическом текстовом документе y |||||||||
200 1# - ЗАГЛАВИЕ И СВЕДЕНИЯ ОБ ОТВЕТСТВЕННОСТИ
Основное заглавие Рентгеноспектральный анализ производственных продуктов цветной металлургии
Первые сведения об ответственности В.Д. Загуменова, Р.И. Плотников
210 ## - ПУБЛИКАЦИЯ, РАСПРОСТРАНЕНИЕ И ДР.
Дата издания, распространения и т.д. 1979
Место издания, распространения и т.д. Б. м.
461 #0 - УРОВЕНЬ НАБОРА
Встроенное поле 001RU\NLR\INFOCOMM55\1000039106
-- 2001#$aМеханизация производства, эксплуатация и ремонт оборудования в цветной металлургии$eОбзор информ.$fЦНИИ экономики и информ. цв. металлургии (ЦНИИ цветмет экономики и информ.)$v1979, Вып.8
Системный номер (АБИС) связанной записи 2895128
Место публикации М.
Дата публикации 1979-
Первые сведения об ответственности ЦНИИ экономики и информ. цв. металлургии (ЦНИИ цветмет экономики и информ.)
Сведения, относящиеся к заглавию Обзор информ.
Заглавие Механизация производства, эксплуатация и ремонт оборудования в цветной металлургии
Номер тома 1979, Вып.8
700 #1 - ИМЯ ЛИЦА - ПЕРВИЧНАЯ ОТВЕТСТВЕННОСТЬ
Начальный элемент ввода Загумёнова
Часть имени, кроме начального элемента ввода В.Д.
Код отношения Автор
701 #1 - ИМЯ ЛИЦА - АЛЬТЕРНАТИВНАЯ ОТВЕТСТВЕННОСТЬ
Начальный элемент ввода Плотников
Часть имени, кроме начального элемента ввода Р.И.
Код отношения Автор
801 #1 - ИСТОЧНИК ЗАПИСИ
Страна российская федерация
Организация InfoComm
Дата составления 20040428
801 #0 - ИСТОЧНИК ЗАПИСИ
Страна российская федерация
Организация NLR
Правила каталогизации PSBO
852 ## - МЕСТОНАХОЖДЕНИЕ И ШИФР ХРАНЕНИЯ
Идентификатор организации NLR
Шифр хранения (Call Number) П10/5616
942 ## - ДОПОЛНИТЕЛЬНЫЕ ЭЛЕМЕНТЫ ЗАПИСИ (АБИС)
Тип экземпляра АБИС Выпуск
980 ## - КОЛЛЕКЦИЯ
Название коллекции Национальная библиография
980 ## - КОЛЛЕКЦИЯ
Название коллекции Русская периодика

Нет доступных экземпляров.